00410nam a2200121Ia 450000500170000000800410001708200230005810000180008124500290009926000470012830000120017550001010018720250310015454.0240331s9999 xx 000 0 und d bYOG24506a894.811 aYoganathan, S 0aMeendum Vantha Cholakam: aChennai,bPaddaipaalikal Pathippagamc1996 a160 p., aThe author writes about the lives, feelings and times of his people as well as their struggles.